| 000 | 00000nam 2200000zi 4500 |
| 001 | 9.894897 |
| 003 | CaOODSP |
| 005 | 20221107173855 |
| 006 | m o d f |
| 007 | cr mn||||||||| |
| 008 | 201223e20210115quca ob f000 0 fre d |
| 020 | |a9780660369884 |
| 040 | |aCaOODSP|bfre|erda|cCaOODSP |
| 043 | |an-cn-on |
| 045 | |ay1y1 |
| 086 | 1 |aTU3-10/19-0117F-PDF |
| 110 | 2 |aBureau de la sécurité des transports du Canada.|eauteur, |eorganisme de publication. |
| 245 | 10|aIncursion sur piste, Air Georgian Limited, Bombardier CRJ 200, C-GKEJ, aéroport international Lester B. Pearson de Toronto (Ontario), 9 août 2019. |
| 264 | 1|aGatineau QC : |bBureau de la sécurité des transports du Canada = Transportation Safety Board of Canada, |c15 janvier 2021. |
| 264 | 4|c©2021 |
| 300 | |a1 ressource en ligne (iv, 34 pages) : |eillustrations (principalement en couleur). |
| 336 | |atexte|btxt|2rdacontent/fre |
| 337 | |ainformatique|bc|2rdamedia/fre |
| 338 | |aressource en ligne|bcr|2rdacarrier/fre |
| 490 | 1 |aRapport d'enquête sur la sécurité du transport aérien ; |vA19O0117 |
| 500 | |aPublié aussi en anglais sous le titre : Runway incursion, Air Georgian Limited, Bombardier CRJ 200, C-GKEJ, Toronto/Lester B. Pearson International Airport, Ontario, 09 August 2019. |
| 500 | |aPublié aussi en format HTML. |
| 504 | |aComprend des références bibliographiques. |
| 650 | 6|aAéronautique|xAccidents|xEnquêtes|zOntario. |
| 775 | 08|tRunway incursion, Air Georgian Limited, Bombardier CRJ 200, C-GKEJ, Toronto/Lester B. Pearson International Airport, Ontario, 09 August 2019.|w(CaOODSP)9.894896 |
| 830 | #0|aBilan d'enquête de sécurité du transport aérien ;|vA19O0117.|w(CaOODSP)9.845276 |
| 856 | 40|qPDF|s1.69 Mo|uhttps://publications.gc.ca/collections/collection_2021/bst-tsb/TU3-10-19-0117-fra.pdf |
| 856 | 4 |qHTML|sS.O.|uhttps://www.tsb.gc.ca/fra/rapports-reports/aviation/2019/a19o0117/a19o0117.html |